01928nam a22002657a 4500003000900000008004100009040007100050082003000121245004900151260003100200300004600231440003500277505105600312650002901368650002301397650002501420650002301445650002401468650003001492700002801522700002601550700002701576700003001603700002901633AR-CdUCM190425b ||||| |||| 00| 0 spa d aMUNICIPALIDAD PROVINCIAL DEL CUSCOcBIBLIOTECA MUNICIPAL DEL CUSCO aLavozMercedaria/N°1/1960 aLa voz mercedaria /cColegio de Las Mercedes aCusco.bH.G. Rozas,c1960. a357 páginas. :bilustraciones ;c25 cm. aLa voz mercedaria.nN°1, 1960 aContenido: Cosco, sumac llacta. Uriel García. -- El mismo disco. José Ángel Escalante. -- Orillamiento filosófico sobre la educación. Fernando Manrique Enríquez. -- El tres de abril en el Cusco. Luis Felipe Paredes. -- Labor democrática del colegio Las Mercedes. Darío Olave Duran. -- Itinerario de un viaje al viejo mundo. Manuel Cuadros. -- Historia del colegio de Las Mercedes. Luis Humberto Galimberti Miranda. -- Nuevo canto libertador al Cusco. Luis Nieto Miranda. -- El corpus de ayer y de hoy. Sócrates Miranda Terrazas. -- Carta a la Gloria Flórez Escalante. Gustavo Pérez Ocampo. -- Psicología y pedagogía. Zoila Ladrón de Guevara Ochoa. -- Poemas. Rafael Aguilar Páez. -- El Cuzco blasón de nuestra arqueología e historia. José Gabriel Cosio Medina. -- La princesa Curi Ocllo. Roberto Barrionuevo. -- Julia Umeres y Osma. . -- Colegio cuzqueño y presencia del Inca Garcilaso de la Vega. Alfredo Yépez Miranda. -- Una institución cusqueña de cultura. Julio Gutiérrez Loayza "Pancho Fierro". ... aInstituciones educativas aColegios del Cusco aColegio Las Mercedes aHistoria del Cusco aPoesía cusqueña aIntelectuales cusqueños aPérez Ocampo, Gustavo aCosio, José Gabriel aGarcía, José Uriel aGutiérrez Loayza, Julio aYépez Miranda, Alfredo